<?xml version="1.0" encoding="UTF-8"?>
<collection xmlns="http://www.loc.gov/MARC21/slim">
 <record>
  <leader>01821nam a2200373 a 4500</leader>
  <controlfield tag="001">TVCDKTCT10</controlfield>
  <controlfield tag="003">Thư viện trường Cao đẳng Kỹ thuật Cao Thắng</controlfield>
  <controlfield tag="005">20050728000000</controlfield>
  <controlfield tag="008">050728</controlfield>
  <datafield tag="980" ind1="\" ind2="\">
   <subfield code="a">Thư viện Trường CĐ Kỹ Thuật Cao Thắng</subfield>
  </datafield>
  <datafield tag="024" ind1=" " ind2=" ">
   <subfield code="a">RG_1 #1 eb0 i1</subfield>
  </datafield>
  <datafield tag="041" ind1="0" ind2="#">
   <subfield code="a">vie</subfield>
  </datafield>
  <datafield tag="082" ind1="#" ind2="#">
   <subfield code="a">621.4 / </subfield>
   <subfield code="b">H450CH-K</subfield>
  </datafield>
  <datafield tag="100" ind1="1" ind2="#">
   <subfield code="a">Đoàn Nồng</subfield>
  </datafield>
  <datafield tag="245" ind1="0" ind2="0">
   <subfield code="a">Kết cấu và tính toán động cơ đốt trong. T.2 /</subfield>
   <subfield code="c">Đoàn Nồng, ...[et al.]</subfield>
  </datafield>
  <datafield tag="250" ind1="#" ind2="#">
   <subfield code="a">Tái bản lần thứ 3</subfield>
  </datafield>
  <datafield tag="260" ind1="#" ind2="#">
   <subfield code="a">H. :</subfield>
   <subfield code="b">Giáo dục ,</subfield>
   <subfield code="c">1996</subfield>
  </datafield>
  <datafield tag="300" ind1="#" ind2="#">
   <subfield code="a">292tr. ;</subfield>
   <subfield code="c">24 cm</subfield>
  </datafield>
  <datafield tag="520" ind1="#" ind2="#">
   <subfield code="a">Tài liệu giới thiệu các kiến thức cơ bản về kết cấu tính toán thiết kế các cơ cấu từ cơ cấu trục khuỷa trục thanh truyền đến cơ cấu phân phối khí. Nội dung gồm các vấn đề sau:</subfield>
  </datafield>
  <datafield tag="520" ind1="#" ind2="#">
   <subfield code="a">Chương 7: Phân loại động cơ</subfield>
  </datafield>
  <datafield tag="520" ind1="#" ind2="#">
   <subfield code="a">Chương 8: Phương pháp tính toán dùng trong quá trình thiết kế động cơ đốt trong</subfield>
  </datafield>
  <datafield tag="520" ind1="#" ind2="#">
   <subfield code="a">Chương 9: Phương pháp và trình tự thiết kế động cơ đốt trong</subfield>
  </datafield>
  <datafield tag="520" ind1="#" ind2="#">
   <subfield code="a">Chương 10: Nhóm pittông</subfield>
  </datafield>
  <datafield tag="520" ind1="#" ind2="#">
   <subfield code="a">Chương 11: Nhóm thanh truyền</subfield>
  </datafield>
  <datafield tag="520" ind1="#" ind2="#">
   <subfield code="a">Chương 12: Trục khuỷa</subfield>
  </datafield>
  <datafield tag="520" ind1="#" ind2="#">
   <subfield code="a">Chương 13: Bánh đà</subfield>
  </datafield>
  <datafield tag="520" ind1="#" ind2="#">
   <subfield code="a">Chương 14: Thân máy và nắp xilanh</subfield>
  </datafield>
  <datafield tag="520" ind1="#" ind2="#">
   <subfield code="a">Chương 15: Cơ cấu phân phối khí</subfield>
  </datafield>
  <datafield tag="650" ind1="#" ind2="4">
   <subfield code="a">Động cơ đốt trong</subfield>
  </datafield>
  <datafield tag="700" ind1="0" ind2="#">
   <subfield code="a">Hồ Tấn Chuẩn</subfield>
  </datafield>
  <datafield tag="700" ind1="0" ind2="#">
   <subfield code="a">Trần Văn Tế</subfield>
  </datafield>
  <datafield tag="700" ind1="0" ind2="#">
   <subfield code="a">Phạm Văn Thể</subfield>
  </datafield>
  <datafield tag="700" ind1="0" ind2="#">
   <subfield code="a">Nguyễn Tất Tiến</subfield>
  </datafield>
  <datafield tag="700" ind1="0" ind2="#">
   <subfield code="a">Nguyễn Đức Phú, </subfield>
   <subfield code="e">Tác giả</subfield>
  </datafield>
 </record>
</collection>
